000 00727nam a2200241 a 4500
001 BRCA_5848
005 20190320205234.0
008 150311s1938----enkao#####---#000-0#eng-#
041 _aeng
044 _aenk
050 4 _aNK7495
_b.LL69 2 1938
100 1 _aLloyd, H. Alan
_914812
245 1 0 _aThe English Domestic Clock
_bits evolution and history : a brief guide to the essential details for dating clock
_cby H. Alan Lloyd.
260 _aLondres
_bH. A. Lloyd
_c1938
300 _a28 p.
_bil.
_c25 cm.
500 _aIncluye índice alfabético
500 _aEjemplar igual a CEF42
500 _aG44
650 1 4 _aRelojes
_zInglaterra
_914813
650 1 4 _aRelojes
_xHistoria
_914814
902 _aGFM
942 _2lcc
_cB
999 _c5537
_d5537